000 00759cab a2200229 4500
001 WB2732-38
008 090401t1991 xxu||||| |||| 00| 0 eng d
035 _a(Sirsi) u60661
041 _aeng
245 _aNew estate agency rules - disclosure of personal interest
260 _c1991
350 _a0
490 _aEstates Gazette
_vno 9131 10/8/91 p67
520 _aClarifies the rules on disclosure of personal interest set out in Estate Agents (Undesirable Practices) (No2) Order 1991 .
650 _aDIRECT PERSONAL INTEREST
650 _aESTATE AGENTS ACT 1979
650 _aINDIRECT PERSONAL INTEREST
650 _aPROFESSIONAL ETHICS
690 _aMANAGEMENT-BUSINESS MANAGEMENT-PROFESSIONAL PRACTICE
942 _n0
948 _c04/03/1997
999 _c37464
_d37464